Ranh giới các hệ địa chất

Tallennettuna:
Bibliografiset tiedot
Aineistotyyppi: Kirja
Kieli:Undetermined
Julkaistu: Hà Nội KHKT 1983
Aiheet:
Tagit: Lisää tagi
Ei tageja, Lisää ensimmäinen tagi!
Thư viện lưu trữ: Trung tâm Học liệu Trường Đại học Cần Thơ
LEADER 00395nam a2200145Ia 4500
001 CTU_3295
008 210402s9999 xx 000 0 und d
082 |a 551.7 
082 |b R107 
245 0 |a Ranh giới các hệ địa chất 
260 |a Hà Nội 
260 |b KHKT 
260 |c 1983 
650 |a geology, stratigraphic 
980 |a Trung tâm Học liệu Trường Đại học Cần Thơ